Normal view
MARC view
Entry Geographic Name
001 - CONTROL NUMBER
- control field: 10532
003 - CONTROL NUMBER IDENTIFIER
- control field: ARRUPE
005 - DATE AND TIME OF LATEST TRANSACTION
- control field: 20140602134132.0
008 - FIXED-LENGTH DATA ELEMENTS
- fixed length control field: 140602|| aca||aabn | a|a d
040 ## - CATALOGING SOURCE
- Original cataloging agency: ARRUPE
- Transcribing agency: ARRUPE
151 ## - HEADING--GEOGRAPHIC NAME
- Geographic name: South Africa
- General subdivision: Church history.
670 ## - SOURCE DATA FOUND
- Source citation: Work cat.: (ARRUPE)0: De Gruchy, John W. 10527, Reconciliation :, c2002.